000 00614nam a2200229Ia 4500
003 OSt
005 20220924143055.0
006 a|||||r|||| 00| 0
007 ta
008 220923b |||||||| |||| 00| 0 urd d
020 _c200
024 _a306613
037 _cTextual
040 _aARTS
_cARTS
_burd
041 _2urd
_aurd
082 _aa12-3164,43.2441, 168L3
100 _aMd. Zafeeruddin
_9214745
245 0 _aMakhtutat kutub khanah darul uloom devbaba
260 _c1973
942 _ha12-3164,43.2441, 168L3
_cTEXL
_2CC
999 _c453104
_d453104